| 000 | 01071nmm a2200361 a 4500 | ||
|---|---|---|---|
| 003 | AR-BaBNM | ||
| 005 | 20251128205300.0 | ||
| 008 | 277019s1994 ||||||||||||||000 | spa|| | ||
| 020 | _a950-46-0210-X | ||
| 040 | _cAR-BaBNM | ||
| 111 | 2 |
_aCurso de Rectores CONSUDEC _n31ª _d1994 _cBuenos Aires, Argentina |
|
| 245 | 1 | 0 | _a¿Educación de calidad frente al siglo XXI? |
| 260 |
_aBuenos Aires _bSantillana _c1994 |
||
| 300 | 0 | _a95 p. | |
| 504 | _aContiene bibliografía al final de cada capítulo | ||
| 610 | 2 | 4 | _aCONSUDEC |
| 650 | 4 | _aCALIDAD DE LA EDUCACION | |
| 650 | 4 | _aEDUCACION CRISTIANA | |
| 650 | 4 | _aPOLITICA EDUCATIVA | |
| 650 | 4 | _aROL DEL DOCENTE | |
| 650 | 4 | _aCONFERENCIAS | |
| 653 | 0 | _aLEY FEDERAL DE EDUCACION | |
| 653 | 0 | _aEDUCACION PRIVADA | |
| 653 | 0 | _aPLANEAMIENTO EDUCATIVO | |
| 653 | 0 | _aFINANCIAMIENTO EDUCATIVO | |
| 653 | 0 | _aGESTION INSTITUCIONAL | |
| 700 | 1 | _aCarelli, Dino | |
| 700 | 1 | _aPetty, Miguel A. | |
| 700 | 1 | _aSchweizer, Margarita Luisa | |
| 700 | 1 |
_aMúgica, Daniel _eprologuista |
|
| 942 | _cBK | ||
| 998 | _cSILVI | ||
| 999 |
_c10727 _d10727 |
||